| 000 | 00837nam a2200265Ia 4500 | ||
|---|---|---|---|
| 003 | OSt | ||
| 005 | 20220927110746.0 | ||
| 006 | a|||||r|||| 00| 0 | ||
| 007 | ta | ||
| 008 | 220926b |||||||| |||| 00| 0 eng d | ||
| 024 | _a102487 | ||
| 037 | _cReports | ||
| 040 |
_aRTL _cRTL _beng |
||
| 041 |
_2eng _aeng |
||
| 082 | _a"X9(J381):51.255.N52t4, J2/GD" | ||
| 110 |
_aMadhya Pradesh Agriculture(deptt) _9380163 |
||
| 245 | 0 | _aReport on marketing of agricultural commodities | |
| 260 |
_aNagpur _bGovt Printing India _c1952 |
||
| 300 |
_a191p. _ccm. |
||
| 490 | _a"Marketing of agricultural commodities, 4." | ||
| 650 |
_aRice Industry _9380164 |
||
| 700 |
_aMadhya Pradesh Agriculture(deptt) _9380165 |
||
| 942 |
_h"X9(J381):51.255.N52t4, J2/GD" _cCC |
||
| 999 |
_c697843 _d697843 |
||